000 00929aas a2200229 4500
999 _c4309
_d4309
003 BR-BrBNA
005 20230317234101.0
007 ta
008 230119b bl ||||| |||| 00| 0 por d
035 _a000485-5
040 _aBR-BrBNA
_bSpa
_cBR-BrBNA
042 _aN
044 _abl
245 _aFAO:Forestry Series
_bFAO
_cFood and Agriculture Organization of the United NationsOrganizacion de las Naciones Unidas para la Agricultura y la AlimentacionOrganization des Nations Unies pour l'Alimentation et l'Agriculture
260 _aSantiago, Chile, CL
_bOficina Regional de la FAO para America Latina y el Caribe
_c1995. Data final de publicação em 1996
_eCL
270 _aCasilla 10095 - Santiago, Chile
310 _aperiodicidade desconchecida
505 _a1979 (10-11); 1980 (10); 1981 (11); 1995 (1-4); 1996 (5-7); 1999 (12); 2001 (15);
650 1 2 _gAGRICULTURA; FLORESTA
909 _a56
_bSergio Santos
_c56
_dSergio Santos
942 _cCR
_2AGRIS